[Event "4NCL Division 4 South"]
[Site "Daventry, ENG"]
[Date "2019.05.04"]
[Round "9.125"]
[White "Rowles, Sarah"]
[Black "Dumitrescu, George-Mihai"]
[Result "0-1"]
[WhiteElo "1456"]
[BlackElo "1609"]
[PlyCount "118"]
[EventDate "2019.05.04"]
[WhiteTeam "Iceni 3"]
[BlackTeam "Oxford 4"]

1. d4 d5 2. e3 e6 3. Bd3 Bd6 4. Nf3 Nd7 5. Nbd2 Ngf6 6. O-O O-O 7. Re1 c6 8. c4
e5 9. e4 Re8 10. exd5 cxd5 11. cxd5 exd4 12. Ne4 Nxe4 13. Bxe4 Nf6 14. Bg5 Bg4
15. Qxd4 Bxf3 16. Bxf6 Qxf6 17. Qxf6 gxf6 18. Bxf3 Re5 19. a3 Rc8 20. Rad1
Rxe1+ 21. Rxe1 Be5 22. b4 Rc3 23. a4 Rc4 24. Rb1 Bd6 25. Kf1 Bxb4 26. Rd1 Bd6
27. Rb1 b6 28. a5 bxa5 29. Ke2 Rb4 30. Rc1 a4 31. Rc6 Rb6 32. Kd3 a3 33. Rc2
Rb2 34. Rxb2 axb2 35. Kc2 Be5 36. Be4 Bxh2 37. g3 Bg1 38. d6 Bxf2 39. d7 Bb6
40. Kxb2 h6 41. Kb3 Kf8 42. Kc4 Ke7 43. Bf5 Kd6 44. Kb5 h5 45. Bh3 Kc7 46. Bf5
Bf2 47. Ka6 Bxg3 48. Kxa7 Bd6 49. Ka6 Be7 50. Kb5 Kd6 51. Kc4 Ke5 52. Bh3 Ke4
53. Bg2+ Kf4 54. Kd5 f5 55. Kc6 Kg3 56. Bd5 h4 57. Bxf7 h3 58. Bd5 f4 59. Kc7
f3 0-1

[Event "4NCL Division 4 South"]
[Site "Daventry, ENG"]
[Date "2019.05.04"]
[Round "9.126"]
[White "Matilal, Tamal"]
[Black "Kent, Rowan"]
[Result "1-0"]
[WhiteElo "1419"]
[BlackElo "1405"]
[PlyCount "55"]
[EventDate "2019.05.04"]
[WhiteTeam "Oxford 4"]
[BlackTeam "Iceni 3"]

1. Nf3 d5 2. c4 c6 3. cxd5 cxd5 4. d4 Nf6 5. Nc3 Nc6 6. Bf4 Bf5 7. a3 e6 8. h3
h5 9. e3 a6 10. Bd3 Bxd3 11. Qxd3 Be7 12. O-O O-O 13. Rfd1 Rc8 14. e4 Re8 15.
e5 Nd7 16. Ne2 Nb6 17. b3 Rc7 18. Bh2 Qd7 19. Nf4 h4 20. Kh1 Rec8 21. g3 hxg3
22. Bxg3 g6 23. Nxg6 fxg6 24. Qxg6+ Kf8 25. Bf4 Bd8 26. Bh6+ Ke7 27. Qg7+ Ke8
28. Qf8# 1-0

[Event "4NCL Division 4 South"]
[Site "Daventry, ENG"]
[Date "2019.05.04"]
[Round "9.131"]
[White "Headlong, Fenella"]
[Black "Sloan, Cecil"]
[Result "1/2-1/2"]
[WhiteElo "1756"]
[BlackElo "1772"]
[PlyCount "116"]
[EventDate "2019.05.04"]
[WhiteTeam "Check Innmates 3"]
[BlackTeam "Watford 2"]

1. e4 d5 2. exd5 Qxd5 3. d4 e5 4. dxe5 Qxd1+ 5. Kxd1 Nc6 6. Bb5 Bd7 7. Nf3
O-O-O 8. Bd2 Bc5 9. Nc3 Nh6 10. Ne4 Bb6 11. Kc1 Nxe5 12. Nxe5 Bxb5 13. c4 Rhe8
14. cxb5 Rxe5 15. f3 Rxb5 16. Nc3 Re5 17. Kc2 Nf5 18. Rae1 Nd4+ 19. Kc1 Rde8
20. Rxe5 Rxe5 21. Re1 Rxe1+ 22. Bxe1 Ba5 23. Bf2 Bb6 24. Be1 Ba5 25. Bf2 Bxc3
26. bxc3 Ne6 27. Kd2 c5 28. Kd3 b5 29. Ke4 a5 30. Kd5 Nf4+ 31. Kc6 Nd3 32. Bxc5
b4 33. cxb4 axb4 34. Kb5 b3 35. axb3 Ne1 36. Kc6 Nxg2 37. b4 Nf4 38. Kd6 Kd8
39. b5 Ne6 40. Bb6+ Kc8 41. Ke7 Ng5 42. f4 Nh3 43. Kxf7 Nxf4 44. Kxg7 Kb7 45.
Bf2 Nd3 46. Be3 Ne5 47. Kxh7 Ng4 48. h4 Nxe3 49. h5 Ng4 50. Kg6 Ne5+ 51. Kf5
Nf7 52. Kg6 Ne5+ 53. Kf6 Ng4+ 54. Kg5 Ne5 55. Kf5 Nf7 56. Kf6 Nh6 57. Kg6 Ng4
58. Kg5 Ne5 1/2-1/2

[Event "4NCL Division 4 South"]
[Site "Daventry, ENG"]
[Date "2019.05.04"]
[Round "9.132"]
[White "Mead-Herbert, Bradley"]
[Black "Snook-Lumb, Chris"]
[Result "1-0"]
[WhiteElo "1585"]
[BlackElo "1716"]
[PlyCount "59"]
[EventDate "2019.05.04"]
[WhiteTeam "Watford 2"]
[BlackTeam "Check Innmates 3"]

1. e4 c5 2. Nf3 g6 3. d4 Bg7 4. Be3 b6 5. Nc3 d6 6. Bc4 Nf6 7. e5 Ng4 8. Ng5
Nxe3 9. Bxf7+ Kf8 10. fxe3 e6 11. Qf3 Qxg5 12. Bxe6+ Ke7 13. Qf7+ Kd8 14. Bxc8
Qxe3+ 15. Ne2 Rf8 16. Qxg7 Qf2+ 17. Kd2 cxd4 18. Rae1 Kxc8 19. exd6 Nd7 20.
Qxd4 Qxg2 21. Qc4+ Kd8 22. Qc7+ Ke8 23. Kc1 Qg4 24. Ng3+ Kf7 25. Re7+ Kf6 26.
Rf1+ Kg5 27. Qxd7 Rxf1+ 28. Nxf1 Qf4+ 29. Nd2 Qxh2 30. Nf3+ 1-0

[Event "4NCL Division 4 South"]
[Site "Daventry, ENG"]
[Date "2019.05.04"]
[Round "9.133"]
[White "Headlong, Georgia"]
[Black "Vig, Sanjay"]
[Result "1-0"]
[WhiteElo "1615"]
[BlackElo "1540"]
[PlyCount "89"]
[EventDate "2019.05.04"]
[WhiteTeam "Check Innmates 3"]
[BlackTeam "Watford 2"]

1. e4 d5 2. exd5 Nf6 3. d4 Nxd5 4. Bc4 c6 5. Nc3 e6 6. Nf3 Bb4 7. Bd2 O-O 8.
O-O a5 9. Ne2 Bxd2 10. Qxd2 b5 11. Bd3 Nd7 12. Ng3 N7f6 13. Ne5 Bb7 14. c3 Qd6
15. f4 b4 16. c4 Ne7 17. Be4 Rad8 18. Rad1 Nxe4 19. Nxe4 Qc7 20. Nc5 Nf5 21.
Nf3 Rd6 22. Nxb7 Qxb7 23. Qf2 Rfd8 24. Rd2 c5 25. Rfd1 cxd4 26. Nxd4 Qb6 27.
Nf3 Qxf2+ 28. Kxf2 Rxd2+ 29. Rxd2 Rxd2+ 30. Nxd2 Nd6 31. Ke3 Kf8 32. Kd4 Ke7
33. Kc5 f5 34. Kb6 Ne4 35. Nf3 Kd6 36. Kb5 h6 37. Ne5 g5 38. g3 h5 39. Nf7+ Kc7
40. Nxg5 Nxg5 41. fxg5 Kd7 42. c5 e5 43. Kc4 f4 44. gxf4 exf4 45. Kd3 1-0

[Event "4NCL Division 4 South"]
[Site "Daventry, ENG"]
[Date "2019.05.04"]
[Round "9.134"]
[White "Morrell, Sean"]
[Black "Hidouci, Wassim"]
[Result "1-0"]
[WhiteElo "1487"]
[BlackElo "1352"]
[PlyCount "79"]
[EventDate "2019.05.04"]
[WhiteTeam "Watford 2"]
[BlackTeam "Check Innmates 3"]

1. e4 e5 2. Nf3 Nc6 3. Bc4 Nf6 4. Ng5 d5 5. exd5 Na5 6. Bb5+ c6 7. dxc6 bxc6 8.
Qf3 Bd7 9. Ba4 c5 10. Bxd7+ Kxd7 11. Nxf7 Qe8 12. Nxh8 Bd6 13. Nf7 h6 14. Nxd6
Kxd6 15. Nc3 Rb8 16. O-O Qg6 17. Qd3+ Qxd3 18. cxd3 c4 19. Ne4+ Ke7 20. Nxf6
gxf6 21. dxc4 Nxc4 22. d3 Nd6 23. Bxh6 Rxb2 24. Rfb1 Re2 25. Kf1 Rc2 26. g3 Nf5
27. Rb7+ Ke6 28. Bc1 Nd4 29. Be3 Nc6 30. Bxa7 f5 31. a4 e4 32. dxe4 fxe4 33. a5
Ne5 34. Be3 Nc6 35. a6 Kd5 36. a7 Nxa7 37. Raxa7 Kc4 38. Rc7+ Kd3 39. Ra3+ Rc3
40. Raxc3# 1-0

[Event "4NCL Division 4 South"]
[Site "Daventry, ENG"]
[Date "2019.05.04"]
[Round "9.135"]
[White "Sikaria, Om"]
[Black "Ramesh, Karthik R"]
[Result "1/2-1/2"]
[WhiteElo "1217"]
[BlackElo "1322"]
[PlyCount "51"]
[EventDate "2019.05.04"]
[WhiteTeam "Check Innmates 3"]
[BlackTeam "Watford 2"]

1. e4 e5 2. Nf3 Nc6 3. Bc4 Bc5 4. b4 Bxb4 5. c3 Be7 6. d4 Na5 7. Nxe5 Nxc4 8.
Nxc4 d5 9. exd5 Qxd5 10. Ne3 Qb5 11. c4 Qb4+ 12. Nd2 Nf6 13. O-O Qd6 14. Nb3 b6
15. Re1 O-O 16. Bb2 Qf4 17. Bc1 Bd6 18. Nf1 Qh4 19. Qf3 Bg4 20. Qb7 Be6 21. c5
Bd5 22. Qa6 Ne4 23. Be3 bxc5 24. dxc5 Be5 25. Rac1 f5 26. f3 1/2-1/2

[Event "4NCL Division 4 South"]
[Site "Daventry, ENG"]
[Date "2019.05.04"]
[Round "9.136"]
[White "Tharkabhushanam, Anirvin"]
[Black "Hidouci, Naila"]
[Result "1-0"]
[WhiteElo "1225"]
[BlackElo "1120"]
[PlyCount "129"]
[EventDate "2019.05.04"]
[WhiteTeam "Watford 2"]
[BlackTeam "Check Innmates 3"]

1. d4 f5 2. Nc3 e6 3. Nf3 d5 4. g3 Nf6 5. a3 Bd6 6. Bg2 O-O 7. Bg5 c6 8. O-O
Nbd7 9. Bxf6 Nxf6 10. e3 Bd7 11. Qd3 Be8 12. b4 Bh5 13. Ne5 Ne4 14. b5 Nxc3 15.
Qxc3 cxb5 16. Rfb1 Bxe5 17. dxe5 a6 18. a4 Rb8 19. axb5 axb5 20. Rxb5 Rc8 21.
Qa5 Qxa5 22. Raxa5 Rxc2 23. Rxb7 Rc1+ 24. Bf1 Rf7 25. Ra8+ Rf8 26. Raa7 Rf7 27.
Rxf7 Bxf7 28. Ra8+ Be8 29. Rxe8+ Kf7 30. Ra8 Ke7 31. Ra7+ Kd8 32. Rxg7 h5 33.
Kg2 Rc2 34. Bd3 Rb2 35. Kf1 Ke8 36. h3 Kf8 37. Ra7 Kg8 38. f3 Rb3 39. Ke2 Kf8
40. g4 fxg4 41. fxg4 hxg4 42. hxg4 Rb4 43. g5 Rg4 44. g6 Kg8 45. Kf3 Rg5 46.
Kf4 Rg1 47. e4 dxe4 48. Bxe4 Kf8 49. Rf7+ Kg8 50. Re7 Kf8 51. Rxe6 Kg7 52. Kf5
Rf1+ 53. Kg5 Rg1+ 54. Kh5 Rg3 55. Re7+ Kf8 56. Rf7+ Ke8 57. Bc6+ Kd8 58. Rd7+
Ke8 59. Rd3+ Kf8 60. Rxg3 Kg7 61. Rf3 Kg8 62. e6 Kg7 63. e7 Kg8 64. e8=Q+ Kg7
65. Rf7# 1-0

[Event "4NCL Division 4 South"]
[Site "Daventry, ENG"]
[Date "2019.05.04"]
[Round "9.141"]
[White "Towers, Nigel S"]
[Black "Farahi-Far, Arman"]
[Result "1-0"]
[WhiteElo "1822"]
[BlackElo "1525"]
[PlyCount "81"]
[EventDate "2019.05.04"]
[WhiteTeam "CSC 3"]
[BlackTeam "Barnet Knights 3"]

1. e4 c5 2. Nf3 Nc6 3. d4 cxd4 4. Nxd4 g6 5. Nc3 Bg7 6. Be3 Nf6 7. f3 d6 8. Qd2
Bd7 9. g4 Qa5 10. Nb3 Qc7 11. Nb5 Qc8 12. Be2 a6 13. Nc3 Ne5 14. g5 Ng8 15. Bd4
f6 16. Nd5 Qb8 17. Nb6 Ra7 18. Qe3 Bb5 19. c4 Bc6 20. f4 Nf7 21. Nd5 Ra8 22.
Nb6 Ra7 23. Nd7 Bxd7 24. Bxa7 Qc8 25. Bd4 e5 26. fxe5 dxe5 27. Bc3 Nxg5 28.
Bxe5 Nxe4 29. Bc3 Bf5 30. Bd3 Qe6 31. Nd4 Qe7 32. Nxf5 gxf5 33. O-O Nxc3 34.
Qxe7+ Nxe7 35. bxc3 Rg8 36. Kh1 Ng6 37. Bxf5 Ne5 38. Rab1 Nxc4 39. Be6 Nd2 40.
Bxg8 Nxf1 41. Rxf1 1-0

[Event "4NCL Division 4 South"]
[Site "Daventry, ENG"]
[Date "2019.05.04"]
[Round "9.142"]
[White "Carter, Gavin"]
[Black "Cooke, Charlie"]
[Result "0-1"]
[WhiteElo "1452"]
[BlackElo "1768"]
[PlyCount "132"]
[EventDate "2019.05.04"]
[WhiteTeam "Barnet Knights 3"]
[BlackTeam "CSC 3"]

1. Nf3 d5 2. c4 c6 3. cxd5 cxd5 4. d4 e6 5. Bf4 Nc6 6. Nc3 a6 7. e4 Nf6 8. Bg5
Be7 9. e5 Nd7 10. Bxe7 Qxe7 11. Bd3 O-O 12. Qc2 g6 13. h4 Nb4 14. Qd2 Nxd3+ 15.
Qxd3 f6 16. Qe3 fxe5 17. Nxe5 Nxe5 18. dxe5 Qb4 19. O-O-O Bd7 20. Rd4 $11 Qe7
21. g4 Rac8 22. g5 b5 23. b4 Rc7 24. Kb1 Rfc8 25. Ne2 Qf8 26. Rf4 Qe7 27. h5
gxh5 28. Rxh5 Be8 29. Rh6 Bg6+ 30. Ka1 Rc4 31. Rxc4 Rxc4 32. a3 Re4 33. Qc5
Qxg5 34. Rxg6+ hxg6 35. Qc8+ Kf7 36. Qc7+ Qe7 37. Qc2 Rxe5 38. Nf4 Rf5 39. Nd3
Qd6 40. f4 g5 41. Ne5+ Rxe5 42. fxe5 Qxe5+ 43. Ka2 d4 44. Qh7+ Kf6 45. Qh8+ Kf5
46. Qh7+ Kg4 47. Qd3 Qd5+ 48. Kb2 Qg2+ 49. Kc1 Qg1+ 50. Kb2 Qf2+ 51. Ka1 e5 52.
Qd1+ Kf4 53. Qc1+ Ke4 54. Qxg5 Qe1+ 55. Kb2 Qc3+ 56. Ka2 Qc2+ 57. Ka1 d3 58.
Qg4+ Kd5 59. Qf5 Kc4 60. a4 Qc3+ 61. Ka2 Qb3+ 62. Ka1 Qxa4+ 63. Kb1 Qxb4+ 64.
Ka2 Qb3+ 65. Ka1 a5 66. Qxe5 Qc3+ 0-1

[Event "4NCL Division 4 South"]
[Site "Daventry, ENG"]
[Date "2019.05.04"]
[Round "9.143"]
[White "Cresswell, Mike J"]
[Black "Farahi-Far, Mohammad"]
[Result "1/2-1/2"]
[WhiteElo "1695"]
[BlackElo "1235"]
[PlyCount "35"]
[EventDate "2019.05.04"]
[WhiteTeam "CSC 3"]
[BlackTeam "Barnet Knights 3"]

1. e4 c5 2. Nf3 Nc6 3. d4 cxd4 4. Nxd4 e5 5. Nb5 d6 6. N1c3 a6 7. Na3 Nf6 8.
Bg5 Be7 9. Nc4 Be6 10. Bxf6 gxf6 11. Nd5 Bxd5 12. exd5 Na5 13. Qd2 Nxc4 14.
Bxc4 Qc7 15. Bb3 f5 16. Qd3 f4 17. Qf5 Qd7 18. Qxd7+ 1/2-1/2

[Event "4NCL Division 4 South"]
[Site "Daventry, ENG"]
[Date "2019.05.04"]
[Round "9.144"]
[White "Wolstenholme, Scarlet"]
[Black "John, Joshua"]
[Result "0-1"]
[WhiteElo "1307"]
[BlackElo "1665"]
[PlyCount "58"]
[EventDate "2019.05.04"]
[WhiteTeam "Barnet Knights 3"]
[BlackTeam "CSC 3"]

1. d4 Nf6 2. c4 g6 3. Nf3 Bg7 4. g3 c6 5. Bg2 d5 6. Qc2 Bf5 7. Qb3 Qb6 8. Qxb6
axb6 9. cxd5 Nxd5 10. Ng5 Nb4 11. e4 Nc2+ 12. Kd2 Nxa1 13. exf5 Rxa2 14. Kc3 c5
15. Bd5 cxd4+ 16. Kd3 Ra5 17. Bxf7+ Kd7 18. Be6+ Kc6 19. Bd2 Rxf5 20. Bxf5 gxf5
21. Rc1+ Kd7 22. Bf4 e5 23. Na3 Nb3 24. Rc4 Nc5+ 25. Ke2 exf4 26. gxf4 Re8+ 27.
Kf3 Nc6 28. Nb1 h6 29. Nh3 Ne4 0-1

[Event "4NCL Division 4 South"]
[Site "Daventry, ENG"]
[Date "2019.05.04"]
[Round "9.145"]
[White "Grey, Nicholas D"]
[Black "Ibrahim, Amir"]
[Result "1-0"]
[WhiteElo "1694"]
[BlackElo "1300"]
[PlyCount "67"]
[EventDate "2019.05.04"]
[WhiteTeam "CSC 3"]
[BlackTeam "Barnet Knights 3"]

1. e4 e5 2. Nf3 Nc6 3. Bb5 a6 4. Bxc6 dxc6 5. d4 Nf6 6. Bg5 Bd6 7. dxe5 Be7 8.
Qxd8+ Bxd8 9. exf6 gxf6 10. Bf4 f5 11. e5 f6 12. Nbd2 Be6 13. O-O-O Bxa2 14. b3
fxe5 15. Bxe5 Rg8 16. g3 a5 17. Kb2 Bxb3 18. cxb3 a4 19. Ra1 b5 20. bxa4 bxa4
21. Nd4 c5 22. Ne6 Ke7 23. Nxc5 Rg4 24. f4 Rg8 25. Rhe1 c6 26. Nc4 Bb6 27. Nxb6
Ra5 28. Bc3+ Kd6 29. Bxa5 Kxc5 30. Re5+ Kd6 31. Rd1+ Kc7 32. Rd7+ Kb8 33. Ree7
Rc8 34. Rb7# 1-0

[Event "4NCL Division 4 South"]
[Site "Daventry, ENG"]
[Date "2019.05.04"]
[Round "9.146"]
[White "Dave, Dirghayush J"]
[Black "Kan, Toby"]
[Result "0-1"]
[WhiteElo "1172"]
[BlackElo "1550"]
[PlyCount "82"]
[EventDate "2019.05.04"]
[WhiteTeam "Barnet Knights 3"]
[BlackTeam "CSC 3"]

1. e4 c5 2. Nc3 d6 3. d3 Nc6 4. Nf3 g6 5. Nd5 Bg7 6. Be2 e6 7. Bg5 f6 8. Bf4
exd5 9. exd5 Ne5 10. Bg3 Ne7 11. d4 cxd4 12. Nxd4 Nxd5 13. Bb5+ Bd7 14. Ne6
Qa5+ 15. c3 Qxb5 16. Nxg7+ Kf7 17. a4 Qc6 18. c4 Qxc4 19. Rc1 Qe4+ 20. Kf1 Kxg7
21. f3 Qd3+ 22. Ke1 Qxd1+ 23. Rxd1 Bc6 24. f4 Ng4 25. h3 Rhe8+ 26. Kf1 Nge3+
27. Kf2 Nxd1+ 28. Rxd1 Re4 29. f5 gxf5 30. Bxd6 Rae8 31. Rd3 f4 32. g4 Re2+ 33.
Kf3 R2e3+ 34. Kf2 Rxd3 35. h4 f3 36. g5 Re2+ 37. Kg3 f2+ 38. Kg4 f1=Q 39. gxf6+
Nxf6+ 40. Kg5 Rd5+ 41. Be5 Rdxe5# 0-1

[Event "4NCL Division 4 South"]
[Site "Daventry, ENG"]
[Date "2019.05.04"]
[Round "9.151"]
[White "Ogunshola, Ben"]
[Black "Wilks, Simon"]
[Result "1/2-1/2"]
[WhiteElo "2193"]
[BlackElo "2147"]
[PlyCount "90"]
[EventDate "2019.05.04"]
[WhiteTeam "The Pitstop"]
[BlackTeam "All Anands on Deck"]

1. c4 c5 2. g3 Nc6 3. Bg2 g6 4. Nc3 Bg7 5. d3 e6 6. h4 h6 7. e4 Nge7 8. Be3 d6
9. Qd2 a6 10. Nge2 e5 11. O-O Rb8 12. Rae1 Nd4 13. Nd5 Nxd5 14. cxd5 b5 15. f4
Bg4 16. Nxd4 cxd4 17. Bf2 O-O 18. fxe5 dxe5 19. Rc1 Rc8 20. Rxc8 Qxc8 21. Rc1
Qb7 22. Rc5 Rc8 23. Qc1 Bf8 24. Rxc8 Qxc8 25. Qxc8 Bxc8 26. Be1 b4 27. Kf2 Bd7
28. Bf3 a5 29. Bd1 a4 30. Ke2 Bg4+ 31. Kd2 Bxd1 32. Kxd1 Bd6 33. b3 axb3 34.
axb3 f5 35. Ke2 Kg7 36. Bd2 h5 37. Bg5 Kf7 38. Bd8 Kg7 39. Kf3 Kf7 40. Ba5 Ke7
41. Bb6 Kf7 42. Bd8 Kg7 $11 43. Kf2 Kf7 44. Ba5 Kg7 45. Bb6 Kf7 1/2-1/2

[Event "4NCL Division 4 South"]
[Site "Daventry, ENG"]
[Date "2019.05.04"]
[Round "9.152"]
[White "Waller, Dan"]
[Black "Froom, Oliver"]
[Result "1-0"]
[WhiteElo "2057"]
[BlackElo "1939"]
[PlyCount "65"]
[EventDate "2019.05.04"]
[WhiteTeam "All Anands on Deck"]
[BlackTeam "The Pitstop"]

1. e4 c5 2. Nf3 d6 3. Bb5+ Nd7 4. d4 Ngf6 5. O-O Nxe4 6. Re1 Nef6 7. dxc5 dxc5
8. Ng5 e6 9. Bc4 Be7 10. Bxe6 O-O 11. Qe2 Bd6 12. Nxf7 Bxh2+ 13. Kxh2 Rxf7 14.
Bxf7+ Kxf7 15. Qe6+ Kg6 16. Re3 h6 17. Rg3+ Kh7 18. Bxh6 Qe8 19. Qxe8 Nxe8 20.
Bf4 Ndf6 21. Rg5 b6 22. Nc3 Ng4+ 23. Kg1 Nef6 24. Re1 Nh6 25. Re7 Nf5 26. Rc7
Be6 27. g4 Nd4 28. Rgxg7+ Kh8 29. g5 Ne8 30. Rh7+ Kg8 31. Rxa7 Rd8 32. Kg2 Bg4
33. Be5 1-0

[Event "4NCL Division 4 South"]
[Site "Daventry, ENG"]
[Date "2019.05.04"]
[Round "9.153"]
[White "Homer, Neil S"]
[Black "Penna, Tommaso"]
[Result "0-1"]
[WhiteElo "1692"]
[BlackElo "2012"]
[PlyCount "68"]
[EventDate "2019.05.04"]
[WhiteTeam "The Pitstop"]
[BlackTeam "All Anands on Deck"]

1. Nf3 d5 2. d4 Nf6 3. c4 c6 4. e3 Bf5 5. Nc3 e6 6. Nh4 Be4 7. f3 Bg6 8. Nxg6
hxg6 9. g3 Nbd7 10. cxd5 cxd5 11. Bg2 Be7 12. Bd2 O-O 13. O-O Nb8 14. Rc1 Nc6
15. Na4 e5 16. Be1 Re8 17. dxe5 Nxe5 18. b3 Ba3 19. Rc2 Nc6 20. Re2 Qe7 21. Bc3
b5 22. Bxf6 Qxf6 23. Qxd5 bxa4 24. bxa4 Rad8 25. Qb3 Nd4 26. exd4 Rxe2 27. Qxa3
Qxd4+ 28. Kh1 Qd2 29. Rg1 Rc8 30. Qb3 Rc1 31. Qb8+ Kh7 32. f4 Rxg1+ 33. Kxg1
Qe1+ 34. Bf1 Qf2+ 0-1

[Event "4NCL Division 4 South"]
[Site "Daventry, ENG"]
[Date "2019.05.04"]
[Round "9.154"]
[White "Jones, Tibor"]
[Black "Sloan, Hamish"]
[Result "1-0"]
[WhiteElo "1866"]
[BlackElo "1518"]
[PlyCount "23"]
[EventDate "2019.05.04"]
[WhiteTeam "All Anands on Deck"]
[BlackTeam "The Pitstop"]

1. d4 d5 2. c4 c6 3. Nf3 Nf6 4. Nc3 Bf5 5. cxd5 cxd5 6. Qb3 Bc8 7. Bf4 a6 8. e3
e6 9. Rc1 Bd6 10. Bxd6 Qxd6 11. Nb5 axb5 12. Rxc8+ 1-0

[Event "4NCL Division 4 South"]
[Site "Daventry, ENG"]
[Date "2019.05.04"]
[Round "9.155"]
[White "Fernando, Manel"]
[Black "Mize, Dylan"]
[Result "0-1"]
[WhiteElo "1486"]
[BlackElo "1567"]
[PlyCount "84"]
[EventDate "2019.05.04"]
[WhiteTeam "The Pitstop"]
[BlackTeam "All Anands on Deck"]

1. d4 d5 2. Nf3 Nf6 3. Bf4 c5 4. e3 Nc6 5. Nbd2 Qb6 6. dxc5 Qxb2 7. Bd3 Qc3 8.
O-O e5 9. Bg5 e4 10. Bxf6 Qxf6 11. Bxe4 dxe4 12. Nxe4 Qg6 13. Ng3 Bxc5 14. Nh4
Qg4 15. Qd5 Qxh4 16. Qxc5 Qb4 17. Qg5 O-O 18. f4 Qc3 19. f5 Re8 20. Rae1 f6 21.
Qf4 Ne5 22. Nh5 Qxc2 23. Qg3 Re7 24. Nxf6+ Kh8 25. Nxh7 Bxf5 26. Ng5 Ng4 27. e4
Qc5+ 28. Kh1 Bd7 29. h3 Nh6 30. Qh4 Kg8 31. Rf4 Re5 32. Nf3 Rh5 33. Qg3 Qe7 34.
Rf1 Rf8 35. Nd4 Rxf4 36. Qxf4 Rh4 37. Qb8+ Kh7 38. Qxb7 Qd6 39. Nf5 Nxf5 40.
exf5 Rxh3+ 41. Kg1 Bc6 42. Qb1 Qh2+ 0-1